00776cam a2200205 a 4500001000800000005001700008008004100025040001800066082002100084100002500105245014100130260005300271300001300324500008200337650002600419650001300445942000600458952009300464999001300557147491320240319002258.0870829s1985 ce ah b 000 0 eng  aDLCcDLCdDLC00a323.95220bETH.1 aJayawardena, Kumari.10aEthnic and class conflicts in Sri Lanka :bsome aspects of Sinhala Buddhist conscoiusness over the past 100 years /cKumari Jayawardena. a Sri Lanka :bCentre for Social Analysis,c1985. a108 p. : aRevision of the author's articles published in the Lanka guardian, 1984-1985. 0aBuddhism and politics 0aBuddhism cL 001040708LaWERCLbWERCLd2024-03-19l0o323.95 ETH.p6709r2024-03-19w2024-03-19yL c581d581